| 000 | 00814cam a2200205 i 4500 | ||
|---|---|---|---|
| 005 | 20251208114125.0 | ||
| 008 | 250721s1995 le gr 000 0 ara d | ||
| 082 | 1 | 4 |
_a216.3 _bت ي م |
| 100 | 1 |
_aإبن تيمية، تقي الدين أبو العباس _eمؤلف. |
|
| 245 | 1 | 0 |
_aفقه المعاملات / _cللامام شيخ الاسلام احمد بن تيمية ؛ اعداد الشيخ زهير الكبي. |
| 264 | 3 | 1 |
_aبيروت : _bدار الفكر العربي، _c1995. |
| 300 | _a320 صفحه. | ||
| 490 | 0 | _aموسوعة فقه السنة | |
| 650 | 1 | 7 | _aالفقه الإسلامي. |
| 650 | 1 | 7 | _aالمعاملات (فقه إسلامي). |
| 650 | 1 | 7 | _aالإقتصاد الإسلامي. |
| 700 | 1 |
_aالكبي، زهير _eمعد. |
|
| 942 |
_2ddc _cBK |
||
| 999 |
_c3125 _d3125 |
||